Science Quiz

Random Science Quiz

Mitosis Level 2 updated Quiz Stats

Quiz not verified by Sporcle

Also try: Spot the Animal!
Challenge
Share
Tweet
Score 0/30 Timer 20:00
0 Plays Today
Hint Answer % Correct
In Mitosis, 3 new cells are created???
46.5%
Anaphase comes before telophase???
46.5%
During metaphase the chromosomes line up in the middle???
45.4%
In Mitosis, 2 new cells are created???
45.4%
After mitosis all the cells created are identical to each other???
45.2%
In Mitosis PMAT happens once???
44.6%
Mitosis makes sex cells/gametes???
44.4%
During Anaphase two new nuclear membranes surround the chromsomes???
44.4%
During prophase the chromosomes line up in the middle???
44.1%
Mitosis happens when you get a cut or are growing???
43.5%
Metaphase comes before prophase???
43.5%
In mitosis you end up with the half the number of chromosomes in each cell???
43%
Anaphase comes before Metaphase???
43%
During prophase the chromosomes get their shape???
42.5%
Chromosomes duplicate before Mitosis???
42.5%
Hint Answer % Correct
During telophase two new cells start to form???
42.2%
During metaphase the chromosomes are pulled apart???
41.9%
Prophase comes before telophase???
41.9%
Humans have 23 chromosomes in each cell at the end of mitosis???
41.7%
Humans have 46 chromosomes in each cell at the end of mitosis???
40.6%
During anaphase the chromosomes are pulled apart???
40.6%
In Mitosis PMAT happens twice???
40.6%
During Telophase two new nuclear membranes surround the chromsomes???
40.6%
During anaphase the chromosomes get their shape???
40.1%
Mitosis makes somatic aka body cells???
39.8%
In mitosis you end up with the same number of chromosomes in each cell as you started with???
39.5%
During Anaphase the nuclear membrane breaks down???
39.5%
(Amazing joke!) What did one cell say to his sister when she stepped on his toe????
39.2%
During Prophase the nuclear membrane breaks down???
39.2%
During prophase two new cells start to form???
39%

You're not logged in!

Compare scores with friends on all Sporcle quizzes.
Sign Up with Email
OR
Log In

You Might Also Like...

Show Comments

Extras

Top Quizzes Today


Score Distribution

Your Account Isn't Verified!

In order to create a playlist on Sporcle, you need to verify the email address you used during registration. Go to your Sporcle Settings to finish the process.

Report this User

Report this user for behavior that violates our Community Guidelines.

Details: